000 01723aam a2200457 a 4500
001 000811068
003 AR-BaBN
005 20250630170854.0
007 ta
008 050527s1996 ag d gr 001 0 spa
015 _aAR-1996
020 _a9501242005
040 _aAR-BaBN
_bspa
_cAR-BaBN
_eaacr
041 1 _aspa
_hfre
044 _aag
_car-c
080 1 _a616.852.1
_22016
100 1 _aNasio, Juan David,
_d1942-
_eautor
_4aut
245 1 4 _aLos gritos del cuerpo /
_cJuan David Nasio ; con intervenciones de Pierre Benoit y Jean Guir ; texto establecido por Ana María Gómez.
250 _a3 edicion
260 _aBuenos Aires :
_bPaidós,
_c2004
300 _a185 p. :
_bdiagrs. ;
_c22 cm.
490 1 _aBiblioteca de Psicología Profunda
500 _aTraducido por Jorge A. Balmaceda y Sergio Rocchietti.
650 4 _aMente y cuerpo
650 4 _aPSICOLOGIA
650 4 _aMedicina psicosomática
700 1 _aBenoit, Pierre
_econtribuidor
_4ctb
700 1 _aGuir, Jean,
_d1941?-2016
_econtribuidor
_4ctb
700 1 _aGómez, Ana María
_eeditora literaria
_4edt
700 1 _aBalmaceda, Jorge A.
_etraductor
_4trl
700 1 _aRocchietti, Sergio
_etraductor
_4trl
830 0 _aBiblioteca de psicología profunda
930 1 _lBNA01
_mLIBRO
_600084803
_820110912
_f11
_h1a ed., 1a reimpr. (1997)
_n000
_o000811068
930 1 _lBNA01
_mLIBRO
_600067660
_820110912
_f11
_h1a ed., 1a reimpr. (1997)
_n000
_o000811068
930 1 _lBNA01
_mLIBRO
_600112159
_820110912
_f11
_h1a ed. (1996)
_n003
_o000811068
942 _2cdu
_cBK
956 _aGSL
_b00
_c20110916
_lBNA01
_h0121
956 _aGSL
_c20130614
_lBNA01
_h2055
956 _aCATAU
_b20
_c20180417
_lBNA01
_h1924
956 _aBCARRIZO
_b20
_c20250424
_lBNA01
_h1426
999 _c6098
_d6098